[Event "Montigny le Bretonneux op 10th"]
[Site "Montigny le Bretonneux"]
[Date "2011.10.28"]
[Round "7"]
[White "Delpech, Olivier"]
[Black "Ribiere, Damien"]
[Result "0-1"]
[WhiteElo "1739"]
[BlackElo "1600"]
[PlyCount "79"]
[EventDate "2011.10.22"]
[EventType "swiss"]
[EventRounds "9"]
[EventCountry "FRA"]
[SourceTitle "EXT 2012"]
[Source "ChessBase"]
[SourceDate "2011.11.24"]
[SourceVersion "1"]
[SourceVersionDate "2011.11.24"]
[SourceQuality "1"]

1. c4 Nf6 2. Nc3 e6 3. d4 Bb4 4. Bd2 d5 5. e3 c5 6. Nf3 Nc6 7. a3 Bxc3 8. bxc3 0-0 9. Be2 dxc4 10. Bxc4 b6 11. Qc2 Bb7 12. 0-0 Na5 13. Be2 c4 14. Ne5 Rc8 15. f3 Nb3 16. Rad1 b5 17. Be1 Nd5 18. Bf2 f6 19. e4 Nb6 20. Ng4 Qe7 21. Qa2 Na4 22. Be1 Qc7 23. f4 Bxe4 24. Bf3 Bd3 25. Rf2 Qxf4 26. g3 Qg5 27. h4 Qg6 28. Rh2 h5 29. Ne3 Nxc3 30. Qg2 Nxd1 31. Nxd1 Nxd4 32. Bb7 Ne2+ 33. Kh1 c3 34. Nxc3 Nxc3 35. Bxc8 Be4 36. Bxe6+ Kh8 37. Bxc3 Bxg2+ 38. Rxg2 Qe4 39. Ba2 Rc8 40. Kh2 0-1

[Event "Montigny le Bretonneux op 10th"]
[Site "Montigny le Bretonneux"]
[Date "2011.10.24"]
[Round "3"]
[White "Delpech, Olivier"]
[Black "Fayolle, Guy"]
[Result "1-0"]
[WhiteElo "1739"]
[BlackElo "1803"]
[PlyCount "67"]
[EventDate "2011.10.22"]
[EventType "swiss"]
[EventRounds "9"]
[EventCountry "FRA"]
[SourceTitle "EXT 2012"]
[Source "ChessBase"]
[SourceDate "2011.11.24"]
[SourceVersion "1"]
[SourceVersionDate "2011.11.24"]
[SourceQuality "1"]

1. c4 Nf6 2. Nc3 g6 3. g3 Bg7 4. Bg2 0-0 5. e3 e5 6. d4 exd4 7. exd4 c6 8. Nge2 d6 9. 0-0 Be6 10. b3 Na6 11. h3 Re8 12. Be3 Nc7 13. Nf4 Bd7 14. Qd2 Rb8 15. g4 g5 16. Nfe2 h6 17. Ng3 d5 18. f4 Nh7 19. fxg5 Nxg5 20. Nf5 Bxf5 21. Rxf5 dxc4 22. bxc4 Qd6 23. Kh1 Nxh3 24. Ne2 Qe6 25. Bf4 Nxf4 26. Nxf4 Qxc4 27. Rd1 Rbd8 28. d5 Rd6 29. Rc1 Qa6 30. Nh5 Re2 31. Qf4 Be5 32. Rxe5 Qxa2 33. Rxe2 Qxe2 34. Qxd6 1-0

[Event "Montigny le Bretonneux Noel op 13th"]
[Site "Montigny le Bretonneux"]
[Date "2010.12.28"]
[Round "4"]
[White "Billot, Daniel"]
[Black "Delpech, Olivier"]
[Result "1-0"]
[WhiteElo "1756"]
[BlackElo "1753"]
[PlyCount "84"]
[EventDate "2010.12.26"]
[EventType "swiss"]
[EventRounds "7"]
[EventCountry "FRA"]
[SourceTitle "CBM 140 Extra"]
[Source "ChessBase"]
[SourceDate "2011.03.01"]
[SourceVersion "1"]
[SourceVersionDate "2011.03.01"]
[SourceQuality "1"]

1. e4 c5 2. d4 cxd4 3. c3 dxc3 4. Nxc3 Nc6 5. Nf3 g6 6. Bc4 Bg7 7. 0-0 e6 8. Bf4 a6 9. Re1 Nge7 10. Nd5 exd5 11. exd5 0-0 12. Bg5 f6 13. dxc6+ Kh8 14. c7 Qxc7 15. Rxe7 Qxc4 16. Bd2 Qg8 17. Qc2 d5 18. Qc7 b5 19. Rae1 Bg4 20. Ng5 fxg5 21. Rxg7 Qxg7 22. Bc3 d4 23. Re7 Qxe7 24. Bxd4+ Kg8 25. Qxe7 Rf7 26. Qe5 Rd7 27. Qh8+ Kf7 28. Qxh7+ Ke8 29. Qxg6+ Rf7 30. Qc6+ Rd7 31. Qxa8+ Kf7 32. Qe4 Be6 33. Qe5 Re7 34. Qf6+ Ke8 35. Qxg5 Bxa2 36. Qg6+ Bf7 37. Qc6+ Rd7 38. Qc8+ Rd8 39. Qc6+ Rd7 40. Qe4+ Re7 41. Qa8+ Kd7 42. Qb7+ Ke8 1-0

[Event "Montigny le Bretonneux-B 9th"]
[Site "Montigny le Bretonneux"]
[Date "2010.10.31"]
[Round "9"]
[White "Delpech, Olivier"]
[Black "Jean, Robert"]
[Result "1-0"]
[WhiteElo "1743"]
[BlackElo "1852"]
[PlyCount "87"]
[EventDate "2010.10.23"]
[EventType "tourn"]
[EventRounds "9"]
[EventCountry "FRA"]
[SourceTitle "EXT 2011"]
[Source "ChessBase"]
[SourceDate "2010.11.26"]
[SourceVersion "1"]
[SourceVersionDate "2010.11.26"]
[SourceQuality "1"]

1. c4 e5 2. Nc3 Nf6 3. g3 d5 4. cxd5 Nxd5 5. Bg2 Nb6 6. d3 c5 7. Nf3 Nc6 8. 0-0 Be7 9. Bd2 0-0 10. Rc1 Be6 11. Ne4 Nd7 12. b3 f6 13. Be3 b6 14. Nc3 Rc8 15. Nd2 Ndb8 16. f4 exf4 17. Bxf4 Bd6 18. Be3 Bc7 19. Nb5 Nd4 20. Nxc7 Rxc7 21. Ne4 Bg4 22. Rf2 Re8 23. Bf4 Rd7 24. h3 Bf5 25. Qf1 Bg6 26. g4 Nbc6 27. e3 Ne6 28. Nxf6+ gxf6 29. Bxc6 Bxd3 30. Qg2 Nxf4 31. exf4 Re3 32. Bxd7 Qxd7 33. Rd1 Qe6 34. Kh2 Be4 35. Qf1 Bc6 36. Qc4 Qxc4 37. bxc4 Rc3 38. Rd6 Ba4 39. Rxf6 Rxc4 40. Rd6 Rc1 41. f5 c4 42. Rd4 Bb5 43. f6 c3 44. f7+ 1-0

[Event "Montigny le Bretonneux-B 9th"]
[Site "Montigny le Bretonneux"]
[Date "2010.10.25"]
[Round "3"]
[White "Delpech, Olivier"]
[Black "Mongey, Alain"]
[Result "1-0"]
[WhiteElo "1743"]
[BlackElo "1697"]
[PlyCount "78"]
[EventDate "2010.10.23"]
[EventType "tourn"]
[EventRounds "9"]
[EventCountry "FRA"]
[SourceTitle "EXT 2011"]
[Source "ChessBase"]
[SourceDate "2010.11.26"]
[SourceVersion "1"]
[SourceVersionDate "2010.11.26"]
[SourceQuality "1"]

1. c4 c5 2. Nc3 Nf6 3. g3 Nc6 4. Bg2 g6 5. e3 Bg7 6. Nge2 d6 7. d4 0-0 8. 0-0 Bd7 9. b3 Rb8 10. Bb2 a6 11. Rc1 cxd4 12. exd4 Bh6 13. f4 Ng4 14. Rf3 e5 15. d5 Qb6+ 16. Kh1 Nd4 17. Qg1 Bg7 18. h3 Nh6 19. Rd3 f5 20. fxe5 dxe5 21. Nxd4 exd4 22. Ne2 Rfe8 23. Bxd4 Bxd4 24. Qxd4 Qa5 25. Nc3 Nf7 26. c5 Bb5 27. Nxb5 axb5 28. Rd2 Ng5 29. Rdc2 Ne4 30. Kh2 Qc7 31. d6 Qc6 32. Rd1 Rbd8 33. Re1 b6 34. b4 bxc5 35. bxc5 Qa8 36. d7 Re7 37. c6 Qa3 38. Bxe4 Rxe4 39. Rxe4 fxe4 1-0

[Event "Montigny le Bretonneux-B 9th"]
[Site "Montigny le Bretonneux"]
[Date "2010.10.23"]
[Round "1"]
[White "Delpech, Olivier"]
[Black "Branson, James"]
[Result "1-0"]
[WhiteElo "1743"]
[BlackElo "1689"]
[PlyCount "135"]
[EventDate "2010.10.23"]
[EventType "tourn"]
[EventRounds "9"]
[EventCountry "FRA"]
[SourceTitle "EXT 2011"]
[Source "ChessBase"]
[SourceDate "2010.11.26"]
[SourceVersion "1"]
[SourceVersionDate "2010.11.26"]
[SourceQuality "1"]

1. c4 e5 2. Nc3 Nf6 3. g3 Be7 4. Bg2 0-0 5. e3 c6 6. Nge2 d5 7. cxd5 cxd5 8. d4 e4 9. 0-0 Be6 10. h3 Qd7 11. Nf4 Nc6 12. Nxe6 fxe6 13. a3 Rac8 14. Bd2 e5 15. Be1 exd4 16. exd4 Bd6 17. Ne2 b5 18. Bd2 Bc7 19. b4 Bb6 20. Be3 a5 21. Rb1 a4 22. Nf4 Ne7 23. h4 Rc3 24. Bh3 Qa7 25. Ne6 Ra8 26. Ra1 Rc6 27. Nc5 Ng6 28. Qe2 Bxc5 29. dxc5 Rb8 30. Bd4 Qe7 31. Rae1 Qe8 32. Qa2 Ne5 33. Bg2 Kh8 34. f3 Nc4 35. fxe4 dxe4 36. Bxf6 Rxf6 37. Rxf6 gxf6 38. Rxe4 Qg6 39. Qa1 Kg8 40. Kh2 Rd8 41. Rf4 Rd3 42. Rf3 Ne5 43. Rxd3 Qxd3 44. Qf1 Qc3 45. Kh3 Nc4 46. Bd5+ Kg7 47. Bxc4 bxc4 48. c6 Qe5 49. Qxc4 f5 50. c7 Qe7 51. Qd4+ Kf7 52. Kg2 Qe6 53. b5 Kg6 54. b6 Qc6+ 55. Kf2 Qc2+ 56. Ke3 Qc1+ 57. Kd3 Qxa3+ 58. Kc4 Qb3+ 59. Kc5 Qc2+ 60. Kd6 a3 61. Kd7 Qb2 62. Qd6+ Kh5 63. c8Q Qg7+ 64. Kc6 Qc3+ 65. Kb7 Qf3+ 66. Qcc6 Qb3 67. Qh6+ Kg4 68. Qg5+ 1-0

[Event "Montigny le Bretonneux-C 8th"]
[Site "Montigny le Bretonneux"]
[Date "2009.10.28"]
[Round "5"]
[White "Branson, James"]
[Black "Delpech, Olivier"]
[Result "0-1"]
[WhiteElo "1680"]
[BlackElo "1760"]
[PlyCount "66"]
[EventDate "2009.10.24"]
[EventType "tourn"]
[EventRounds "9"]
[EventCountry "FRA"]
[SourceTitle "EXT 2011"]
[Source "ChessBase"]
[SourceDate "2010.11.26"]
[SourceVersion "1"]
[SourceVersionDate "2010.11.26"]
[SourceQuality "1"]

1. e4 c5 2. b4 e5 3. b5 Nf6 4. Nc3 d6 5. h3 Be6 6. Qf3 Qc8 7. Nd5 Nxd5 8. exd5 Bf5 9. c4 Bg6 10. Bb2 f5 11. d3 Be7 12. h4 h6 13. Qg3 Kf7 14. h5 Bh7 15. Nf3 Qd8 16. 0-0-0 Nd7 17. Be2 a6 18. Rde1 Bf6 19. Bd1 axb5 20. cxb5 Re8 21. Bb3 f4 22. Qh3 Bxd3 23. Nxe5+ Nxe5 24. Bxe5 c4 25. Bxf6 Qxf6 26. Qd7+ Re7 27. Rxe7+ Qxe7 28. Qxe7+ Kxe7 29. Re1+ Kd7 30. Bd1 Rxa2 31. Bg4+ Kc7 32. Re7+ Kb6 33. Rd7 c3 0-1

[Event "Paris-ch op-B"]
[Site "Paris"]
[Date "2009.07.06"]
[Round "3"]
[White "Delpech, Olivier"]
[Black "Aouizerate, Robert"]
[Result "1/2-1/2"]
[WhiteElo "1762"]
[BlackElo "1894"]
[PlyCount "92"]
[EventDate "2009.07.04"]
[EventType "swiss"]
[EventRounds "9"]
[EventCountry "FRA"]
[SourceTitle "EXT 2010"]
[Source "ChessBase"]
[SourceDate "2010.11.25"]
[SourceVersion "1"]
[SourceVersionDate "2010.11.25"]
[SourceQuality "1"]

1. c4 e6 2. d4 Nf6 3. Qc2 c5 4. e3 Nc6 5. Nf3 a6 6. Bd2 d5 7. cxd5 Nxd5 8. a3 cxd4 9. exd4 Qb6 10. Be3 Bd7 11. Nc3 Nxe3 12. fxe3 Rc8 13. Bd3 e5 14. Qf2 exd4 15. exd4 Be7 16. 0-0 0-0 17. Nd5 Qa5 18. Nxe7+ Nxe7 19. Ne5 Be6 20. Qh4 Ng6 21. Nxg6 hxg6 22. Rae1 Qh5 23. Qg3 Qd5 24. Qe5 Rfd8 25. Be4 Qxd4+ 26. Qxd4 Rxd4 27. Bxb7 Rb8 28. Bxa6 Rxb2 29. Rf3 Rdd2 30. Bf1 Ra2 31. Rfe3 Kf8 32. R1e2 Rxe2 33. Bxe2 Ra1+ 34. Kf2 Ra2 35. Kg3 Ke7 36. Kf4 Kf6 37. h4 Rd2 38. Bf3 Bd5 39. g4 Rd4+ 40. Be4 Ra4 41. g5+ Ke6 42. Kf3 Ke5 43. Bxd5+ Kxd5 44. Kg3 f5 45. Re7 Rxa3+ 46. Kf2 Ra2+ 1/2-1/2